[Event "Sparkassen-Open J"]
[Site "Heusenstamm, Martinsee"]
[Date "2023.11.25"]
[Round "4.19"]
[White "Kollmer, Otto"]
[Black "Chen, Lilly"]
[Result "1-0"]
[WhiteElo "981"]
[BlackElo "1370"]
[PlyCount "99"]
[EventDate "2023.??.??"]
[WhiteTeam "VSG 1880 Offenbach"]
[BlackTeam "Sfr Stiller Zug Wiesbaden"]

1. e4 c5 2. Nf3 a6 3. Bc4 b5 4. Bd5 Nc6 5. Nc3 Bb7 6. d4 cxd4 7. Nxd4 e6 8. Bb3 b4 9. Nce2 Nxd4 10. Qxd4 Nf6 11. Bg5 Bxe4 12. Bxf6 Qxf6 13. Qxe4 Rd8 14. O-O-O Qxf2 15. Qf3 Qb6 16. Rhf1 f5 17. g4 g6 18. gxf5 exf5 19. Qd5 Qe3+ 20. Rd2 Qe7 21. Rfd1 Bh6 22. Qd4 Rf8 23. Bc4 Bxd2+ 24. Rxd2 Ra8 25. b3 Rf6 26. Nf4 Rc6 27. Re2 Re6 28. Nxe6 dxe6 29. Rxe6 Qxe6 30. Bxe6 Rd8 31. Qf6 Rd7 32. Bxd7+ Kxd7 33. c4 bxc3 34. Kc2 Ke8 35. a4 a5 36. b4 axb4 37. a5 Kd7 38. Qb6 b3+ 39. Kxb3 c2 40. Kxc2 f4 41. a6 f3 42. a7 f2 43. Qxf2 Ke6 44. a8=Q Ke5 45. Qe8+ Kd5 46. Qd2+ Kc5 47. Qc8+ Kb5 48. Qd3+ Kb6 49. Qb3+ Ka7 50. Qcb7# 1-0

[Event "Sparkassen-Open J"]
[Site "Heusenstamm, Martinsee"]
[Date "2023.11.25"]
[Round "4.20"]
[White "Staudt, Merle"]
[Black "Gao, Chen Fan"]
[Result "0-1"]
[WhiteElo "965"]
[BlackElo "1208"]
[PlyCount "90"]
[EventDate "2023.??.??"]
[WhiteTeam "SV Mülheim-Nord 1931 e"]
[BlackTeam "SC Rotenburg"]

1. e4 c5 2. Nf3 d6 3. d4 cxd4 4. Nxd4 Nc6 5. Nc3 Nf6 6. Be3 Ng4 7. Qd2 Nxe3 8. Qxe3 g6 9. Bb5 Bd7 10. O-O Bg7 11. Nxc6 bxc6 12. Ba4 O-O 13. Kh1 Qa5 14. Bb3 c5 15. f4 Rac8 16. Bc4 Qb4 17. Ba6 Qxb2 18. e5 Rb8 19. Rfd1 Qa3 20. Be2 Rfe8 21. Nd5 Qxe3 22. Nxe3 dxe5 23. fxe5 Bxe5 24. Bc4 Bxa1 25. Rxa1 Rb2 26. a3 Reb8 27. Bf1 Rb1 28. Ra2 Be6 29. c4 Bxc4 30. Rf2 Bxf1 31. Nxf1 Ra1 32. Rf3 Rbb1 33. Kg1 c4 34. h3 Rb3 35. Rf2 c3 36. Rc2 Rbb1 37. Kh2 Rxf1 38. Rxc3 Rfc1 39. Rb3 Ra2 40. Rb8+ Kg7 41. Rb7 Rcc2 42. Rxa7 Rxg2+ 43. Kh1 Rgd2 44. Rxe7 Ra1+ 45. Re1 Rxe1# 0-1

[Event "Sparkassen-Open J"]
[Site "Heusenstamm, Martinsee"]
[Date "2023.11.25"]
[Round "4.21"]
[White "Paul, Jenna"]
[Black "Faisz, David"]
[Result "1-0"]
[WhiteElo "930"]
[BlackElo "1161"]
[PlyCount "69"]
[EventDate "2023.??.??"]
[WhiteTeam "TV-Großostheim 1900 e.V."]
[BlackTeam "SK 1926 Ettlingen"]

1. e4 e6 2. d4 d5 3. e5 c5 4. c3 Nc6 5. Nf3 Qb6 6. a3 Qxb2 7. Bxb2 cxd4 8. cxd4 f6 9. Bb5 Bd7 10. O-O a6 11. Bd3 fxe5 12. dxe5 Bc5 13. Nc3 d4 14. Ne4 Bb6 15. Nd6+ Ke7 16. Be4 Rd8 17. Nxd4 Bxd4 18. Bxd4 Nxd4 19. Qxd4 Bb5 20. Qa7 Bd7 21. Qxb7 Nh6 22. Bc6 Nf5 23. Qc7 Nxd6 24. Qxd6+ Ke8 25. Bxd7+ Rxd7 26. Qxe6+ Kd8 27. Rad1 Rxd1 28. Rxd1+ Kc7 29. Qd7+ Kb6 30. Rb1+ Kc5 31. Qd6+ Kc4 32. Rb4+ Kc3 33. Qd4+ Kc2 34. Rb2+ Kc1 35. Qd2# 1-0

[Event "Sparkassen-Open J"]
[Site "Heusenstamm, Martinsee"]
[Date "2023.11.25"]
[Round "4.22"]
[White "Lao, Theodora Siyuan"]
[Black "Kondhare, Aaryaman"]
[Result "0-1"]
[WhiteElo "1153"]
[BlackElo "915"]
[PlyCount "136"]
[EventDate "2023.??.??"]
[WhiteTeam "SK Bad Homburg 1927"]
[BlackTeam "Wiesbadener SV 1885"]

1. e4 e5 2. Nc3 Nf6 3. f4 d6 4. d3 Nc6 5. Nf3 Bg4 6. Be2 Bd7 7. Qd2 Qe7 8. b3 O-O-O 9. Bb2 g6 10. O-O-O Bg7 11. Kb1 Ng4 12. Rhf1 Nf6 13. h3 Rhe8 14. g4 h6 15. fxe5 dxe5 16. Rg1 Nh7 17. Nd5 Qd6 18. Ne3 Rf8 19. d4 Be6 20. dxe5 Qxd2 21. Rxd2 Rxd2 22. Nxd2 Nxe5 23. Rf1 f6 24. Nec4 Nxc4 25. Nxc4 Ng5 26. e5 fxe5 27. Nxe5 Rxf1+ 28. Bxf1 Ne4 29. Kc1 g5 30. Nd3 Bxb2+ 31. Kxb2 Ng3 32. Bg2 c6 33. c4 Kc7 34. Kc3 Ne2+ 35. Kd2 Nd4 36. a4 Nxb3+ 37. Kc3 Na5 38. Ne5 a6 39. Kd3 b5 40. axb5 axb5 41. cxb5 cxb5 42. Kc3 Kb6 43. Kb4 Nc4 44. Nxc4+ Bxc4 45. Bf3 Kc7 46. Kc5 Kd7 47. Kd4 Ke6 48. Ke4 Bd5+ 49. Ke3 Bxf3 50. Kxf3 Kd5 51. Ke3 Kc4 52. Kd2 Kb3 53. Kc1 Ka2 54. Kc2 b4 55. Kd3 b3 56. Ke4 b2 57. Ke5 b1=Q 58. Kd5 Qe1 59. Kd4 Qe2 60. Kd5 Qe3 61. Kd6 Qe4 62. Kc5 Kb3 63. Kd6 Kc4 64. Kd7 Qg6 65. Ke7 Kd5 66. Kd7 Qg7+ 67. Ke8 Kd6 68. Kd8 Qd7# 0-1

[Event "Sparkassen-Open J"]
[Site "Heusenstamm, Martinsee"]
[Date "2023.11.25"]
[Round "4.23"]
[White "Kostadinov, Emanuel"]
[Black "Pagnozzi, Luca"]
[Result "1-0"]
[WhiteElo "1140"]
[BlackElo "901"]
[PlyCount "89"]
[EventDate "2023.??.??"]
[WhiteTeam "Sfr.1932 Kelkheim"]
[BlackTeam "SV 1920 Hofheim"]

1. e4 e5 2. Nf3 Nc6 3. Bc4 Bc5 4. b4 Bxb4 5. c3 Bc5 6. d4 exd4 7. cxd4 Bb4+ 8. Bd2 Be7 9. d5 Nb4 10. Qb3 Na6 11. Bc3 Nf6 12. Nbd2 Nc5 13. Qc2 d6 14. h3 O-O 15. O-O b6 16. Nd4 Bb7 17. Bb5 a6 18. Bc6 Bxc6 19. Nxc6 Qd7 20. f3 Nb7 21. Qb3 b5 22. a4 Nd8 23. Rac1 Nxc6 24. dxc6 Qc8 25. axb5 axb5 26. Qxb5 Rb8 27. Qc4 Rb6 28. Bd4 Rb8 29. Nb3 Ra8 30. Ra1 Rb8 31. Na5 Rd8 32. Nb7 Re8 33. Ba7 Ra8 34. Ra2 h6 35. Rfa1 Rf8 36. Bd4 Rxa2 37. Rxa2 Qb8 38. e5 dxe5 39. Bxe5 Re8 40. f4 Bd6 41. Nxd6 cxd6 42. Rb2 Qc8 43. Bxf6 gxf6 44. c7 Qa8 45. Kh2 1-0

[Event "Sparkassen-Open J"]
[Site "Heusenstamm, Martinsee"]
[Date "2023.11.25"]
[Round "4.24"]
[White "Nguyen, Minh Anh"]
[Black "Glavev, Victor"]
[Result "1-0"]
[WhiteElo "919"]
[BlackElo "1139"]
[PlyCount "63"]
[EventDate "2023.??.??"]
[WhiteTeam "SV 1920 Hofheim"]
[BlackTeam "SK Bad Homburg 1927"]

1. d4 d5 2. Bf4 Nf6 3. Nf3 Bf5 4. e3 a6 5. Nbd2 e6 6. c3 Bd6 7. Bg3 O-O 8. Be2 Nc6 9. Ne5 Bxe5 10. dxe5 Be4 11. Nxe4 Nxe4 12. Qc2 b5 13. O-O-O Rb8 14. Bf3 b4 15. Bxe4 dxe4 16. Rxd8 Rbxd8 17. Qxe4 bxc3 18. bxc3 Na7 19. Bh4 Rb8 20. Rd1 Nb5 21. Qd3 h6 22. c4 Na7 23. Qd7 Rbc8 24. f4 Kh7 25. f5 exf5 26. Qxf5+ Kg8 27. Rd7 Nc6 28. e6 f6 29. Qg6 Ne7 30. Rxe7 Rf7 31. Qxf7+ Kh8 32. Qxg7# 1-0

[Event "Sparkassen-Open J"]
[Site "Heusenstamm, Martinsee"]
[Date "2023.11.25"]
[Round "4.25"]
[White "Wolf, Aurelia"]
[Black "Dorfner, Georg"]
[Result "1-0"]
[WhiteElo "894"]
[BlackElo "1084"]
[PlyCount "53"]
[EventDate "2023.??.??"]
[WhiteTeam "SK Bad Homburg 1927"]
[BlackTeam "TV-Großostheim 1900 e.V."]

1. e4 e5 2. Nf3 Nc6 3. Bc4 Bc5 4. c3 Nf6 5. d4 exd4 6. cxd4 Bb4+ 7. Nbd2 Nxe4 8. d5 Bxd2+ 9. Nxd2 Nxd2 10. Bxd2 Ne5 11. Qe2 d6 12. f4 Qh4+ 13. g3 Bg4 14. Qe3 Qh5 15. fxe5 O-O 16. O-O Qh3 17. exd6 Rfe8 18. Qf4 f5 19. dxc7 Re4 20. d6+ Kh8 21. Qg5 h6 22. Qd8+ Rxd8 23. cxd8=Q+ Kh7 24. Bf7 Qxh2+ 25. Kxh2 Re2+ 26. Kg1 Bf3 27. Qg8# 1-0

[Event "Sparkassen-Open J"]
[Site "Heusenstamm, Martinsee"]
[Date "2023.11.25"]
[Round "4.26"]
[White "Gadela, Kundana"]
[Black "Goebel, Johannes"]
[Result "0-1"]
[WhiteElo "799"]
[BlackElo "1026"]
[PlyCount "48"]
[EventDate "2023.??.??"]
[WhiteTeam "SV 1920 Hofheim"]
[BlackTeam "SK Marburg 1931/72"]

1. e4 e5 2. Nf3 Nc6 3. Bc4 Bc5 4. d3 Nf6 5. Ng5 O-O 6. Nc3 h6 7. Nf3 d6 8. Na4 Nd4 9. Nxc5 dxc5 10. Nxe5 Qd6 11. f4 Be6 12. c3 Nc6 13. Be3 b6 14. a4 Nxe5 15. fxe5 Qxe5 16. d4 Qxe4 17. Qe2 Bxc4 18. Qxc4 Qxe3+ 19. Qe2 Rae8 20. Kd1 Qxe2+ 21. Kc1 Qxg2 22. Rd1 Re2 23. Kb1 Rxb2+ 24. Kc1 Qc2# 0-1

[Event "Sparkassen-Open J"]
[Site "Heusenstamm, Martinsee"]
[Date "2023.11.25"]
[Round "4.27"]
[White "Schwab, Florentin"]
[Black "Muhl, Justinus"]
[Result "1-0"]
[WhiteElo "1024"]
[BlackElo "816"]
[PlyCount "121"]
[EventDate "2023.??.??"]
[WhiteTeam "SC Aschaffenburg e.V."]
[BlackTeam "SK Weilheim e.V."]

1. e4 e5 2. Nf3 Nc6 3. Bb5 Nf6 4. d3 a6 5. Ba4 Bc5 6. O-O b5 7. Bb3 a5 8. c3 a4 9. Bc2 O-O 10. Nbd2 d6 11. Re1 Ng4 12. Re2 Nf6 13. Nf1 Ne7 14. Ng3 Ng6 15. Be3 Bxe3 16. Rxe3 d5 17. Qe2 Ng4 18. h3 Nxe3 19. Qxe3 Bb7 20. Nf1 dxe4 21. dxe4 a3 22. b3 h6 23. Qc5 Re8 24. Rd1 Qc8 25. Qxb5 Ba6 26. Qc5 Be2 27. Rd5 Bxf3 28. gxf3 c6 29. Rd2 Rd8 30. Rxd8+ Qxd8 31. Qxc6 Qc8 32. Qd5 Qd8 33. Qc6 Rc8 34. Qb5 Qg5+ 35. Kh2 Nf4 36. Ne3 Rxc3 37. Qf1 Rc6 38. Bd3 Rc1 39. Qxc1 Nxd3 40. Qc2 Nf4 41. Qc8+ Kh7 42. Qf5+ Qxf5 43. exf5 Nd3 44. Nc4 Nxf2 45. Nxa3 Nd3 46. b4 Nxb4 47. Nc4 Nxa2 48. Nxe5 f6 49. Ng4 h5 50. Ne3 g6 51. Kg3 gxf5 52. Nxf5 Kg6 53. Nh4+ Kg5 54. f4+ Kh6 55. Kf3 Nc3 56. f5 Nd5 57. Ke4 Kg5 58. Nf3+ Kh6 59. Kxd5 h4 60. Nxh4 Kg5 61. Ke6 1-0

[Event "Sparkassen-Open J"]
[Site "Heusenstamm, Martinsee"]
[Date "2023.11.25"]
[Round "4.29"]
[White "Xu, Dorothea Sicheng"]
[Black "Schwab, Berenike"]
[Result "1-0"]
[WhiteElo "1051"]
[BlackElo "859"]
[PlyCount "51"]
[EventDate "2023.??.??"]
[WhiteTeam "SK Bad Homburg 1927"]
[BlackTeam "SC Aschaffenburg e.V."]

1. e4 e5 2. Nc3 Nf6 3. f4 Nc6 4. fxe5 Nxe5 5. d4 Nc6 6. e5 Ng8 7. Bc4 Bb4 8. Nf3 d6 9. O-O Bg4 10. h3 Bh5 11. Re1 Nge7 12. Qd3 Bxf3 13. Qxf3 Nxd4 14. Qxf7+ Kd7 15. Bb3 Bc5 16. Kh1 Rf8 17. Qxg7 Rh8 18. Bg5 Ndf5 19. Qf7 Ng3+ 20. Kh2 Bf2 21. Qxf2 Nh5 22. g4 Ng7 23. exd6 Nc6 24. Qf7+ Kc8 25. Bxd8 Rxd8 26. Qxc7# 1-0

[Event "Sparkassen-Open J"]
[Site "Heusenstamm, Martinsee"]
[Date "2023.11.26"]
[Round "5.1"]
[White "Müller, Konstantin"]
[Black "Hasenpflug, Till"]
[Result "1/2-1/2"]
[WhiteElo "1614"]
[BlackElo "1350"]
[PlyCount "134"]
[EventDate "2023.??.??"]
[WhiteTeam "SK Münster 32 e. V."]
[BlackTeam "SK Bad Homburg 1927"]

1. e4 e5 2. Nf3 Nc6 3. Bc4 Bc5 4. c3 Nf6 5. d4 exd4 6. cxd4 Bb4+ 7. Bd2 Bxd2+ 8. Nbxd2 d6 9. O-O O-O 10. Re1 Bg4 11. h3 Bh5 12. Nb3 Re8 13. g4 Bg6 14. e5 dxe5 15. Nxe5 Nxe5 16. dxe5 Nd7 17. f4 Nb6 18. Bf1 Qxd1 19. Raxd1 Bc2 20. Rd2 Bxb3 21. axb3 Rad8 22. Red1 Rxd2 23. Rxd2 Kf8 24. Kf2 Ke7 25. Bg2 c6 26. Be4 h6 27. h4 Rd8 28. Rxd8 Kxd8 29. Ke3 Ke7 30. f5 Nd7 31. Kf4 Nc5 32. Bc2 Nd7 33. g5 hxg5+ 34. hxg5 Nc5 35. Ke3 g6 36. fxg6 fxg6 37. Bxg6 Ne6 38. Bf5 Nxg5 39. b4 Nf7 40. Kd4 Nd8 41. Kc4 Nf7 42. Kd4 Nd8 43. Bg4 Nf7 44. Ke4 Nd8 45. Bc8 b6 46. Kf5 Nf7 47. b3 Nh6+ 48. Kf4 Nf7 49. Bb7 Ke6 50. Bc8+ Ke7 51. Bb7 Ke6 52. Bxc6 Nxe5 53. Bb5 Kd6 54. Ke4 Nc6 55. Bf1 Nxb4 56. Kd4 Nc6+ 57. Kc3 Kc5 58. Bg2 Nb4 59. Bh1 a5 60. Bg2 Nd5+ 61. Kb2 Kd4 62. Bf1 Nb4 63. Bb5 Kc5 64. Be2 Kd4 65. Bb5 Nd3+ 66. Kc2 Nb4+ 67. Kd2 Nd5 1/2-1/2

[Event "Sparkassen-Open J"]
[Site "Heusenstamm, Martinsee"]
[Date "2023.11.26"]
[Round "5.3"]
[White "Gao, Chenzhuo (Jonathan)"]
[Black "Riazi, Dominik"]
[Result "1-0"]
[WhiteElo "1301"]
[BlackElo "997"]
[PlyCount "89"]
[EventDate "2023.??.??"]
[WhiteTeam "SC Rotenburg"]
[BlackTeam "SK Bad Homburg 1927"]

1. c4 e5 2. d3 Nf6 3. Nf3 Nc6 4. g3 Bc5 5. h3 h6 6. Bg2 b6 7. Nc3 Bb7 8. Nxe5 Nxe5 9. Bxb7 Rb8 10. Bg2 Bb4 11. Bd2 Qe7 12. O-O O-O 13. a3 Bd6 14. Re1 Rfe8 15. Nb5 a6 16. Nxd6 Qxd6 17. Bf4 g5 18. Bd2 Re7 19. Bb4 c5 20. Bc3 Rbe8 21. b4 Nc6 22. bxc5 bxc5 23. e3 Ne5 24. d4 cxd4 25. Bb4 Qb6 26. Bxe7 dxe3 27. Rxe3 Rxe7 28. Qe2 Qd4 29. Re1 d6 30. Rd1 Qc5 31. Kh2 g4 32. h4 Rc7 33. Rc3 Qa5 34. Rdc1 Re7 35. Qd2 Nf3+ 36. Bxf3 gxf3 37. Qxd6 Re6 38. Qf4 Re2 39. Qxf6 Qc5 40. Rxf3 Qa7 41. Rd1 Re8 42. Rf4 Qxf2+ 43. Rxf2 Re2 44. Rd8+ Kh7 45. Qxf7# 1-0

[Event "Sparkassen-Open J"]
[Site "Heusenstamm, Martinsee"]
[Date "2023.11.26"]
[Round "5.4"]
[White "Kim, David"]
[Black "Shanawaz Thabrez, Shahzaib"]
[Result "0-1"]
[WhiteElo "1240"]
[BlackElo "1463"]
[PlyCount "108"]
[EventDate "2023.??.??"]
[WhiteTeam "SV 1920 Hofheim"]
[BlackTeam "SK Langen"]

1. e4 e5 2. Nc3 Bc5 3. Nf3 d6 4. h3 Nc6 5. Bc4 Nf6 6. d3 h6 7. Be3 Nd4 8. O-O c6 9. Bxd4 exd4 10. Ne2 b5 11. Bb3 a5 12. a3 Be6 13. Nexd4 Bxd4 14. Nxd4 Bxb3 15. Nxb3 c5 16. Nd2 O-O 17. Nf3 Nd7 18. Re1 Qc7 19. Qd2 f5 20. Re2 f4 21. Rae1 Ne5 22. Nxe5 dxe5 23. g4 Qe7 24. f3 Qh4 25. Rh2 Qg3+ 26. Kf1 Qxf3+ 27. Qf2 Qxf2+ 28. Rxf2 a4 29. Rb1 b4 30. Kg2 Rfb8 31. Kf3 bxa3 32. c3 Rb3 33. Ra1 axb2 34. Rb1 a3 35. Rff1 a2 36. g5 axb1=Q 37. Rxb1 Ra1 38. Rxb2 Rxb2 39. Kg4 Rg1+ 40. Kf5 Rxg5+ 41. Ke6 Rb3 42. h4 Rg6+ 43. Kd5 Rxc3 44. h5 Rg3 45. Kxe5 Rcxd3 46. Kxf4 Rg5 47. e5 Rd4+ 48. Kf3 Rxe5 49. Kg3 Re3+ 50. Kf2 Rb3 51. Ke2 Rh4 52. Kf2 Rh2+ 53. Kg1 Rc2 54. Kh1 Rb1# 0-1

[Event "Sparkassen-Open J"]
[Site "Heusenstamm, Martinsee"]
[Date "2023.11.26"]
[Round "5.5"]
[White "Wolf, Noah"]
[Black "Wolf, Helena"]
[Result "1-0"]
[WhiteElo "1567"]
[BlackElo "1188"]
[PlyCount "99"]
[EventDate "2023.??.??"]
[WhiteTeam "Vorw.Orient Mainz"]
[BlackTeam "SK Bad Homburg 1927"]

1. e4 e5 2. Nf3 d6 3. d4 exd4 4. Nxd4 Nf6 5. Bg5 Be7 6. Bxf6 Bxf6 7. Nc3 Nd7 8. Bc4 O-O 9. Qd2 Ne5 10. Be2 Re8 11. f4 Nd7 12. O-O-O Nc5 13. Bf3 c6 14. Rhe1 h6 15. Qf2 Qc7 16. Nde2 b6 17. Nd4 Ba6 18. Qg3 Rad8 19. Bh5 Bxd4 20. Rxd4 Rf8 21. f5 Qe7 22. Ne2 Qe5 23. Qe3 d5 24. Qg3 Qxg3 25. Nxg3 Rde8 26. e5 Re7 27. Rg4 f6 28. e6 Nb7 29. Bf7+ Kh8 30. Kd2 Nd6 31. Bg6 Bb5 32. Nh5 a5 33. Kd1 Ba6 34. Nf4 Kg8 35. Re3 Kh8 36. Rh3 Kg8 37. Ke1 Kh8 38. Bf7 Nxf7 39. Ng6+ Kh7 40. Nxf8+ Kg8 41. Ng6 Re8 42. Nf4 Kh7 43. Rg6 Ne5 44. Rgg3 Nf7 45. Rh4 Ng5 46. Rhg4 b5 47. h4 Ne4 48. Rxg7+ Kh8 49. R3g6 b4 50. Nh5 1-0

[Event "Sparkassen-Open J"]
[Site "Heusenstamm, Martinsee"]
[Date "2023.11.26"]
[Round "5.6"]
[White "Vasudevan, Krish"]
[Black "Shanmuganathan, Adhav"]
[Result "0-1"]
[WhiteElo "1055"]
[BlackElo "1141"]
[PlyCount "102"]
[EventDate "2023.??.??"]
[WhiteTeam "SAbt TuS Makkabi Ffm"]
[BlackTeam "SV 1934 Ffm-Griesheim"]

1. d4 d5 2. Nc3 Nf6 3. Bf4 Bf5 4. f3 e6 5. g4 Bg6 6. h4 h5 7. g5 Nfd7 8. e3 Bd6 9. Bxd6 cxd6 10. Nh3 Nc6 11. a3 Qb6 12. Rb1 Ne7 13. Bd3 e5 14. Bxg6 fxg6 15. f4 Rc8 16. Qd3 e4 17. Qb5 Qc7 18. Rc1 a6 19. Qe2 Nb6 20. b3 Qxc3+ 21. Kf2 Nf5 22. Rhd1 Nxh4 23. Ng1 Rf8 24. Qe1 Qb2 25. Kf1 Rxc2 26. Rxc2 Qxc2 27. Rd2 Qxb3 28. Qxh4 Qxe3 29. Qh2 Rxf4+ 30. Rf2 Qc1+ 31. Kg2 Rxf2+ 32. Kxf2 e3+ 33. Kf3 Qxa3 34. Ne2 Nc4 35. Qh3 Nd2+ 36. Kf4 Qd3 37. Qc8+ Kf7 38. Qxb7+ Kg8 39. Qxd5+ Kh7 40. Ng3 e2 41. Qh1 Qxd4+ 42. Ne4 Qxe4+ 43. Qxe4 Nxe4 44. Kxe4 e1=Q+ 45. Kd5 Qe5+ 46. Kc4 d5+ 47. Kd3 Qe4+ 48. Kd2 d4 49. Kd1 d3 50. Kd2 Qe2+ 51. Kc1 Qc2# 0-1

[Event "Sparkassen-Open J"]
[Site "Heusenstamm, Martinsee"]
[Date "2023.11.26"]
[Round "5.7"]
[White "Milman, Sophie"]
[Black "Lukas, Olivia"]
[Result "0-1"]
[WhiteElo "1184"]
[BlackElo "1240"]
[PlyCount "128"]
[EventDate "2023.??.??"]
[WhiteTeam "VSG 1880 Offenbach"]
[BlackTeam "SF Deizisau"]

1. e4 e5 2. Nf3 Nc6 3. d4 exd4 4. Nxd4 Bc5 5. Be3 Qf6 6. c3 Nge7 7. Bc4 O-O 8. O-O d6 9. Nxc6 Nxc6 10. Bxc5 dxc5 11. Qd5 b6 12. Bb5 Bb7 13. Qd7 Qd6 14. Rd1 Qxd7 15. Rxd7 Rac8 16. Na3 Rfd8 17. Rad1 Rxd7 18. Rxd7 Kf8 19. f3 Ke8 20. Rd2 Rd8 21. Bxc6+ Bxc6 22. Rxd8+ Kxd8 23. Nc4 Ke7 24. Ne5 Bb5 25. c4 Ba6 26. b3 Ke6 27. Nc6 Kd6 28. Nxa7 c6 29. a3 Bb7 30. b4 cxb4 31. axb4 Kc7 32. b5 c5 33. Kf2 Kb8 34. Nc6+ Bxc6 35. bxc6 Kc7 36. Ke3 Kxc6 37. Kd3 b5 38. f4 b4 39. e5 Kd7 40. f5 Ke7 41. g4 Kd7 42. h4 g6 43. e6+ fxe6 44. fxg6 hxg6 45. g5 e5 46. Kc2 Ke6 47. Kd3 Kf5 48. Kc2 Kg4 49. h5 Kxh5 50. Kd2 Kxg5 51. Ke2 Kf4 52. Kd2 Ke4 53. Ke2 g5 54. Kd2 g4 55. Ke2 g3 56. Kf1 b3 57. Kg2 b2 58. Kxg3 b1=Q 59. Kf2 Qd3 60. Ke1 Qc2 61. Kf1 Qd2 62. Kg1 Qe2 63. Kh1 Kf3 64. Kg1 Qg2# 0-1

[Event "Sparkassen-Open J"]
[Site "Heusenstamm, Martinsee"]
[Date "2023.11.26"]
[Round "5.9"]
[White "Sautner, Sascha"]
[Black "Kesavan, Sarvesh"]
[Result "1/2-1/2"]
[WhiteElo "1219"]
[BlackElo "1482"]
[PlyCount "41"]
[EventDate "2023.??.??"]
[WhiteTeam "SK 1912 Ludwigshafen"]
[BlackTeam "SK Bad Homburg 1927"]

1. e4 e5 2. Nf3 Nc6 3. Bb5 Nge7 4. d3 Ng6 5. O-O Bc5 6. c3 O-O 7. Nbd2 Nce7 8. Re1 c6 9. Ba4 d6 10. Nf1 Be6 11. Be3 Bb6 12. Ng5 Bd7 13. d4 Nc8 14. Qh5 h6 15. Nf3 Be6 16. dxe5 Bxe3 17. Nxe3 dxe5 18. Red1 Qc7 19. Nh4 Nxh4 20. Qxh4 Ne7 21. Qg3 1/2-1/2

[Event "Sparkassen-Open J"]
[Site "Heusenstamm, Martinsee"]
[Date "2023.11.26"]
[Round "5.10"]
[White "Vasudevan, Ananya"]
[Black "Will, Elina"]
[Result "0-1"]
[WhiteElo "1126"]
[BlackElo "1325"]
[PlyCount "80"]
[EventDate "2023.??.??"]
[WhiteTeam "SK Langen"]
[BlackTeam "TuS Makkabi Wiesbaden"]

1. d4 Nf6 2. Nc3 d5 3. Bf4 c6 4. e3 Bf5 5. Nf3 Nbd7 6. Be2 e6 7. O-O Be7 8. Re1 O-O 9. Bd3 Bxd3 10. Qxd3 Nh5 11. Be5 f6 12. Bf4 g5 13. Bg3 Nxg3 14. hxg3 e5 15. dxe5 fxe5 16. e4 d4 17. Ne2 g4 18. Nh2 h5 19. Qc4+ Kg7 20. f3 Qb6 21. Kh1 Nf6 22. c3 dxc3 23. Qxc3 Bb4 24. Qxe5 Bxe1 25. Rxe1 Qb5 26. Qc3 Kf7 27. Nf4 a5 28. e5 Nd5 29. Nxd5 Qxd5 30. e6+ Kg6 31. Qc2+ Qf5 32. Qb3 Rae8 33. e7 Rf7 34. Qxb7 Qf6 35. fxg4 Rfxe7 36. Rxe7 Rxe7 37. gxh5+ Kh7 38. Qb6 Re1+ 39. Nf1 Qxf1+ 40. Kh2 Qh1# 0-1

[Event "Sparkassen-Open J"]
[Site "Heusenstamm, Martinsee"]
[Date "2023.11.26"]
[Round "5.11"]
[White "Wolf, Adam"]
[Black "Avhopulo, Kirill"]
[Result "0-1"]
[WhiteElo "1144"]
[BlackElo "1411"]
[PlyCount "200"]
[EventDate "2023.??.??"]
[WhiteTeam "Vorw.Orient Mainz"]
[BlackTeam "SK Marburg 1931/72"]

1. e4 c5 2. Nf3 Nc6 3. d4 cxd4 4. Nxd4 Nf6 5. Nc3 e6 6. Nb3 Bb4 7. Bd3 d5 8. exd5 Nxd5 9. Bd2 Nxc3 10. bxc3 Be7 11. O-O O-O 12. Qf3 Ne5 13. Qe4 Nxd3 14. cxd3 Rb8 15. Rfe1 Bg5 16. Bxg5 Qxg5 17. Re3 Bd7 18. Rg3 Qf6 19. d4 Bc6 20. Qd3 g6 21. Nd2 a6 22. Nf3 Bxf3 23. Rxf3 Qe7 24. h3 Rbc8 25. Re1 Kg7 26. Qe4 Qc7 27. Qh4 Qd8 28. Qf4 Rc6 29. Qe5+ f6 30. Qe2 Qd5 31. Qd2 e5 32. Rb1 Rf7 33. Qb2 e4 34. Re3 f5 35. Qb3 Qxb3 36. Rxb3 Rfc7 37. g3 Kf6 38. Kg2 Ke6 39. f3 Kd5 40. f4 b6 41. Kf2 Rb7 42. Ke2 Rc4 43. Kd2 Ra4 44. a3 b5 45. Re1 Rc4 46. Reb1 Rbc7 47. Rc1 h6 48. h4 g5 49. Rg1 e3+ 50. Kd3 gxf4 51. gxf4 Re7 52. Re1 Re4 53. Rxe3 Rxf4 54. Re5+ Kd6 55. h5 Rc7 56. Ke3 Rf1 57. Kd3 Rf7 58. Rb2 Rh1 59. Rbe2 Rxh5 60. Re6+ Kc7 61. Rxa6 Kb7 62. Ree6 Rh3+ 63. Kc2 Rc7 64. Reb6+ Kc8 65. Rc6 Rxc6 66. Rxc6+ Kb7 67. d5 f4 68. Rf6 f3 69. Rf7+ Kc8 70. d6 Rh2+ 71. Kd3 f2 72. Ke2 h5 73. d7+ Kd8 74. Rh7 h4 75. Rf7 h3 76. Rxf2 Rxf2+ 77. Kxf2 Kxd7 78. Kg3 Kd6 79. Kxh3 Kc5 80. Kg3 Kc4 81. Kf3 Kxc3 82. Ke2 Kb3 83. Kd1 Kxa3 84. Kc1 Ka2 85. Kc2 b4 86. Kc1 b3 87. Kd2 b2 88. Kc3 b1=Q 89. Kc4 Qd1 90. Kc3 Ka3 91. Kc4 Qd2 92. Kb5 Qc3 93. Kb6 Qc4 94. Kb7 Qc5 95. Kb8 Qc6 96. Ka7 Qb5 97. Ka8 Kb4 98. Ka7 Kc5 99. Ka8 Kc6 100. Ka7 Qb7# 0-1

[Event "Sparkassen-Open J"]
[Site "Heusenstamm, Martinsee"]
[Date "2023.11.26"]
[Round "5.13"]
[White "Lenhard, Robert"]
[Black "Noll, Raphael"]
[Result "0-1"]
[WhiteElo "1013"]
[BlackElo "1387"]
[PlyCount "86"]
[EventDate "2023.??.??"]
[WhiteTeam "SV 1920 Hofheim"]
[BlackTeam "SK Marburg 1931/72"]

1. e4 e5 2. Nf3 Nf6 3. Nc3 Nc6 4. Bc4 Nxe4 5. Bxf7+ Kxf7 6. Nxe4 d5 7. Ng3 e4 8. Ng1 Bc5 9. N1e2 Rf8 10. O-O Kg8 11. d4 Be7 12. Be3 Bg5 13. Bxg5 Qxg5 14. Qc1 Qxc1 15. Raxc1 Bg4 16. c4 Nb4 17. h3 Bxe2 18. Nxe2 Nd3 19. Rc2 c6 20. cxd5 cxd5 21. Rd2 Rf7 22. Nc1 Nxc1 23. Rxc1 b6 24. Rdc2 h6 25. Rc8+ Rxc8 26. Rxc8+ Rf8 27. Rxf8+ Kxf8 28. Kh2 Ke7 29. Kg3 Kf6 30. Kg4 g6 31. h4 a6 32. a4 g5 33. g3 Kg6 34. hxg5 hxg5 35. Kh3 Kf5 36. b4 e3 37. fxe3 Ke4 38. Kg2 Kxe3 39. Kf1 Kxd4 40. Ke2 Kc3 41. b5 a5 42. Ke3 d4+ 43. Ke2 Kc2 0-1

[Event "Sparkassen-Open J"]
[Site "Heusenstamm, Martinsee"]
[Date "2023.11.26"]
[Round "5.14"]
[White "Schwab, Florentin"]
[Black "Li, Xiao Teng"]
[Result "0-1"]
[WhiteElo "1024"]
[BlackElo "1247"]
[PlyCount "86"]
[EventDate "2023.??.??"]
[WhiteTeam "SC Aschaffenburg e.V."]
[BlackTeam "SK Bad Homburg 1927"]

1. e4 e5 2. Nf3 Nc6 3. Bb5 a6 4. Ba4 Nge7 5. c3 b5 6. Bb3 d5 7. d3 Bg4 8. Qe2 d4 9. Nbd2 Ng6 10. h3 Nf4 11. Qd1 Nxg2+ 12. Kf1 Bxf3 13. Qxf3 Nf4 14. Nb1 dxc3 15. Nxc3 Qxd3+ 16. Qxd3 Nxd3 17. Bd5 Ndb4 18. Bxc6+ Nxc6 19. Nd5 Bd6 20. Rg1 g6 21. f3 O-O-O 22. Bg5 Rde8 23. Rc1 Kb7 24. b3 Nd4 25. Kf2 Ne6 26. Be3 Rc8 27. Rc2 f5 28. Ke2 f4 29. Bf2 g5 30. Nf6 Be7 31. Nd5 Bd6 32. Nf6 h6 33. Nd5 Rhf8 34. h4 Rh8 35. hxg5 hxg5 36. Nf6 Rh2 37. Ng4 Nd4+ 38. Kd2 Rxf2+ 39. Nxf2 Nxf3+ 40. Kd3 Nxg1 41. Ng4 Nf3 42. Rg2 Ne1+ 43. Ke2 Nxg2 0-1

[Event "Sparkassen-Open J"]
[Site "Heusenstamm, Martinsee"]
[Date "2023.11.26"]
[Round "5.15"]
[White "Kondhare, Aaryaman"]
[Black "Li, Leo Jiayi"]
[Result "1-0"]
[WhiteElo "915"]
[BlackElo "1227"]
[PlyCount "147"]
[EventDate "2023.??.??"]
[WhiteTeam "Wiesbadener SV 1885"]
[BlackTeam "SV Oberursel"]

1. e4 c5 2. Nf3 d6 3. Nc3 Nc6 4. g3 Nf6 5. Bg2 g6 6. O-O Bg7 7. d3 O-O 8. Be3 d5 9. Bxc5 dxe4 10. dxe4 Qxd1 11. Raxd1 Re8 12. Rfe1 Nd7 13. Ba3 Nb6 14. Nd5 Nxd5 15. exd5 Nd8 16. Rxe7 Rxe7 17. Bxe7 Bg4 18. h3 Bf5 19. c3 Bc2 20. Rd2 Bb1 21. a3 Bh6 22. Bg5 Bg7 23. Re2 Kf8 24. Be7+ Ke8 25. Bf6+ Kf8 26. Bxg7+ Kxg7 27. Re1 Bf5 28. g4 Bd7 29. Ne5 Ba4 30. Bf3 b6 31. d6 Rb8 32. Bd1 Bb5 33. a4 Ba6 34. Be2 Bxe2 35. Rxe2 Nb7 36. Rd2 Re8 37. Nc6 Rc8 38. Ne7 Re8 39. Nc6 Rc8 40. d7 Rxc6 41. d8=Q Nxd8 42. Rxd8 Rc4 43. Rd4 Rxd4 44. cxd4 Kf6 45. Kf1 Ke6 46. Ke2 Kd5 47. Kd3 f6 48. f3 g5 49. Kc3 a5 50. b4 axb4+ 51. Kxb4 Kxd4 52. Kb5 Ke3 53. Kxb6 Kxf3 54. a5 Kg3 55. a6 Kxh3 56. a7 f5 57. gxf5 g4 58. a8=Q g3 59. Qh1+ Kg4 60. f6 h5 61. f7 h4 62. f8=Q h3 63. Qff1 g2 64. Qfxg2+ hxg2 65. Qxg2+ Kf4 66. Qg6 Ke5 67. Kc6 Kd4 68. Qf5 Ke3 69. Kd5 Kd2 70. Qf3 Kc2 71. Qe3 Kb2 72. Kc4 Kb1 73. Kb3 Ka1 74. Qc1# 1-0